000
00247nam a22001097a 4500
082
_a
537 ARN'E
100
_a
ARNOLD, J.P,SCHANK, K. L
_9
78177
245
_a
EXPLORATORY ELECTRICITY
260
_a
USA
_b
MCKNIGHT
_c
1960
300
_a
104P
942
_c
BK
999
_c
583340
_d
583340